|
ห้องสมุด วิทยาลัยพยาบาลบรมราชชนนี อุดรธานี
Boromarajonani College of Nursing, Udonthani
|


|
mysqli: Table './ulib2015/stat_globaluid' is marked as crashed and last (automatic?) repair failed
select id from stat_globaluid where statuid='20260419041305_233'
mysqli: Table './ulib2015/stat_globaluid' is marked as crashed and last (automatic?) repair failed
DELETE FROM stat_globaluid
WHERE id NOT IN (
SELECT id
FROM (
SELECT id
FROM stat_globaluid
ORDER BY id DESC
LIMIT 100
) foo
);
mysqli: Table './ulib2015/stat_globaluid' is marked as crashed and last (automatic?) repair failed
insert into stat_globaluid set
statuid='20260419041305_233',
dt='1776546785',
phpself='/ULIB/dublinfull.php',
agent='Mozilla/5.0 AppleWebKit/537.36 (KHTML, like Gecko; compatible; ClaudeBot/1.0; +claudebot@anthropic.com)',
yea='2026',
mon='4',
dat='19',
ip='216.73.216.142'
| LEADER 00000nas 2200000uu 4500 |
| 001 13399123479 |
| 003 ULIBM |
| 008 020711s|||| th a 000 0 tha d |
| 022 ^a1905-078-X
|
| 100 ^aนพ.วงศพัทธ์ บุญยเกียรติวัฒนา
|
| 245 ^aวารสารหัวใจ รจภ.
|
| 250 พิมพ์ครั้งที่ ^
|
| 260 ^aกรุงเทพมหานคร :^b^aบริษัท คลาสิคสแกน จำกัด,^cม.ป.ป.
|
| 300 ^bภาพประกอบ
|
| 310 ^aราย 4 เดือน |
| 650 ^aการฟื้นฟูหัวใจ
|
| 710 ^aราชวิทยาลัยจุฬาภรณ์ศูนย์หัวใจและหลอดเลือด
|
| 850 ^a ULIBM^bปีที่ 2 ฉบับที่ 2 พ.ศ. (พ.ค.-ส.ค.2566) c.1 ;ปีที่ 2 ฉบับที่ 2 พ.ศ. (พ.ค.-ส.ค.2566) c.1 ;ปีที่ 2 ฉบับที่ 1 พ.ศ. (ม.ค.-เม.ย.2566) c.1 ;ปีที่ 2 ฉบับที่ 1 พ.ศ. (ม.ค.-เม.ย.2566) c.2 ;ปีที่ 2 ฉบับที่ 1 พ.ศ. (ม.ค.-เม.ย.2566) c.3 ;ปีที่ ฉบับปฐมฤกษ์ พ.ศ. (ก.ย.-ธ.ค.2566) c.1 ;ปีที่ ฉบับปฐมฤกษ์ พ.ศ. (ก.ย.-ธ.ค.2566) c.2 ;ปีที่ 2 ฉบับที่ 3 พ.ศ. (ก.ย.-ธ.ค.2566) c.1 ;ปีที่ 2 ฉบับที่ 3 พ.ศ. (ก.ย.-ธ.ค.2566) c.2 ;ปีที่ 3 ฉบับที่ 1 พ.ศ. (ม.ค.-เม.ย.2567) c.1 ;ปีที่ 3 ฉบับที่ 1 พ.ศ. (ม.ค.-เม.ย.2567) c.2 ;ปีที่ 3 ฉบับที่ 2 พ.ศ. (พ.ค.-ส.ค.2567) c.1 ;ปีที่ 3 ฉบับที่ 2 พ.ศ. (พ.ค.-ส.ค.2567) c.2 ;ปีที่ 3 ฉบับที่ 3 พ.ศ. (ก.ย.-ธ.ค.2567) c.1 ;ปีที่ 3 ฉบับที่ 3 พ.ศ. (ก.ย.-ธ.ค.2567) c.2 ;ปีที่ 4 ฉบับที่ 2 พ.ศ. (พ.ค.-ส.ค.2568) c.1 ;ปีที่ 4 ฉบับที่ 2 พ.ศ. (พ.ค.-ส.ค.2568) c.2 ;ปีที่ 4 ฉบับที่ 3 พ.ศ. (ก.ย.-ธ.ค.2568) c.1 ;ปีที่ 4 ฉบับที่ 3 พ.ศ. (ก.ย.-ธ.ค.2568) c.2 ;ปีที่ 5 ฉบับที่ 1 พ.ศ. (ม.ค.-เม.ย.2569) c.1 ;ปีที่ 5 ฉบับที่ 1 พ.ศ. (ม.ค.-เม.ย.2569) c.2
|
| 999 ^aศรัญยู
|
| คุณยังไม่ได้ล็อกอิน คุณสามารถมีกิจกรรมร่วมกับเว็บไซต์ได้ แต่ต้องล็อกอินก่อน :: |
|
ดูแบบ:
กล่อง
รายการ
| ลำดับที่ |
ประเภท |
เลขเรียก/บาร์โค้ด |
สถานที่ |
สถานะ |
| 21. |
วารสาร | ปีที่ 2 ฉบับที่ 2 พ.ศ. (พ.ค.-ส.ค.2566) c.1 Barcode: 83478 | วารสาร | On Shelf ขอยืม |
1 2 3 [3] [แสดง 1/21 รายการ] |
mysqli: Can't create/write to file '/var/tmp/#sql_59d_0.MAI' (Errcode: 2)
select * from index_db where titl like '%วารสารหัวใจ รจภ.%' and mid<>'13399123479' order by rand() limit 3
mysqli: Can't create/write to file '/var/tmp/#sql_59d_0.MAI' (Errcode: 2)
select * from index_db where auth like '%นพ.วงศพัทธ์ บุญยเกียรติวัฒนา%' and mid<>'13399123479' order by rand() limit 3
mysqli: Can't create/write to file '/var/tmp/#sql_59d_0.MAI' (Errcode: 2)
select * from index_db where subj like '%การฟื้นฟูหัวใจ%' and mid<>'13399123479' order by rand() limit 3
|
ยังไม่เคยถูกคอมเมนท์
|
| คอมเมนท์ทรัพยากรรายการนี้ |
|